Top goal scorers in the Women's Super League 24-25 - Statistics

General Stats
  • This quiz has been taken 6 times
  • The average score is 7 of 11
Answer Stats
Rank Club Answer Number % Correct
1 Arsenal Alessia Russo 12
100%
8 Aston Villa Rachel Daly 8
100%
8 Tottenham Hotspur Bethany England 8
83%
1 Manchester City Khadija Shaw 12
83%
3 Manchester United Elisabeth Terland 10
67%
5 Chelsea Aggie Beaver Jones 9
50%
8 Manchester United Grace Clinton 8
50%
5 Arsenal Mariona Caldentey 9
50%
8 Chelsea Guro Reiten 8
33%
3 West Ham United Shekiera Martinez 10
33%
5 West Ham United Viviane Asseyi 9
17%
No matching quizzes found
Score Distribution
Percent of People with Each Score
Percentile by Number Answered
Your Score History
You have not taken this quiz